MENTOR CHEMISTRY: LEARNERS BOOK GRADE 10 (Record no. 216749)
[ view plain ]
| 000 -LEADER | |
|---|---|
| fixed length control field | 00502nam a22001697a 4500 |
| 008 - FIXED-LENGTH DATA ELEMENTS--GENERAL INFORMATION | |
| fixed length control field | 260303b |||||||| |||| 00| 0 eng d |
| 020 ## - INTERNATIONAL STANDARD BOOK NUMBER | |
| International Standard Book Number | 978-9914-709-88-9 |
| 100 ## - MAIN ENTRY--PERSONAL NAME | |
| Personal name | ODAGO, EUNICE |
| 245 ## - TITLE STATEMENT | |
| Title | MENTOR CHEMISTRY: LEARNERS BOOK GRADE 10 |
| 260 ## - PUBLICATION, DISTRIBUTION, ETC. | |
| Place of publication, distribution, etc. | NAIROBI |
| Name of publisher, distributor, etc. | MENTOR PUBLISHING CO. LTD |
| Date of publication, distribution, etc. | 2025 |
| 300 ## - PHYSICAL DESCRIPTION | |
| Extent | VI,183P. |
| 500 ## - GENERAL NOTE | |
| General note | INCLUDES BIBLIOGRAPHICAL REFERENCES |
| 650 ## - SUBJECT ADDED ENTRY | |
| Topical term or geographic name entry element | CHEMISTRY |
| 700 ## - ADDED ENTRY--PERSONAL NAME | |
| Personal name | BERA ANGELA, GATHOGO GEORGE, MIRIAM KURIA |
| 942 ## - ADDED ENTRY ELEMENTS (KOHA) | |
| Source of classification or shelving scheme | Library of Congress Classification |
| Koha item type | Long Loan Book |
| Withdrawn status | Lost status | Source of classification or shelving scheme | Damaged status | Not for loan | Collection | Home library | Current library | Shelving location | Date acquired | Inventory number | Total checkouts | Full call number | Barcode | Date last seen | Copy number | Price effective from | Koha item type |
|---|---|---|---|---|---|---|---|---|---|---|---|---|---|---|---|---|---|
| Library of Congress Classification | Science & Technology | Kisii University Library | Kisii University Library | On Display | 03/03/2026 | 112327 | QD 35 .M46 2025 V.10 | A000615 | 03/03/2026 | C.1 | 03/03/2026 | Long Loan Book | |||||
| Library of Congress Classification | Science & Technology | Kisii University Library | Kisii University Library | On Display | 03/03/2026 | 112328 | QD 35 .M46 2025 V.10 | A000618 | 03/03/2026 | C.2 | 03/03/2026 | Long Loan Book | |||||
| Library of Congress Classification | Science & Technology | Kisii University Library | Kisii University Library | On Display | 03/03/2026 | 112329 | QD 35 .M46 2025 V.10 | A000617 | 03/03/2026 | C.3 | 03/03/2026 | Long Loan Book | |||||
| Library of Congress Classification | Science & Technology | Kisii University Library | Kisii University Library | On Display | 03/03/2026 | 112330 | QD 35 .M46 2025 V.10 | A000620 | 03/03/2026 | C.4 | 03/03/2026 | Long Loan Book | |||||
| Library of Congress Classification | Science & Technology | Kisii University Library | Kisii University Library | On Display | 03/03/2026 | 112331 | QD 35 .M46 2025 V.10 | A000619 | 03/03/2026 | C.5 | 03/03/2026 | Long Loan Book |